000 00695nam a2200205Ia 4500
999 _c30448
_d30448
003 GCL
005 20240530102205.0
008 140319s1980 ua 000 0 ara d
040 _aGCL /
_cGCL
082 0 4 _a762.1/
_bهـ د
100 1 _aهيئة الاثار المصرية
245 1 0 _aدراسات اثارية اسلامية /
_cهيئة الاثار المصرية
260 _aالقاهرة :
_bهيئة الاثار المصرية ،
_c1980
300 _a5 مج:
_bايض ؛
_c30 سم
650 0 4 _aالتاريخ الاسلامى
650 0 4 _aالاثار الاسلامية
650 0 4 _aالحرف اليدوية
650 0 4 _aالفن الاسلامى
942 _2ddc
_cBK